[Event "Steinfurt Bezirksliga 0910"]
[Site "Germany"]
[Date "2010.05.15"]
[Round "9.4"]
[White "Langer, Ralf"]
[Black "Roesner, Harald"]
[Result "0-1"]
[WhiteElo "1781"]
[BlackElo "1781"]
[PlyCount "83"]
[EventDate "2009.09.12"]
[EventType "team-tourn"]
[EventRounds "9"]
[EventCountry "GER"]
[SourceTitle "EXT 2011"]
[Source "ChessBase"]
[SourceDate "2010.11.26"]
[SourceVersion "1"]
[SourceVersionDate "2010.11.26"]
[SourceQuality "1"]
[WhiteTeam "Westerkappeln"]
[BlackTeam "Neuenkirchen II"]
[WhiteTeamCountry "GER"]
[BlackTeamCountry "GER"]

1. d4 Nf6 2. c4 g6 3. Nc3 d5 4. cxd5 Nxd5 5. e4 Nxc3 6. bxc3 Bg7 7. Bc4 c5 8. Ne2 Nc6 9. Be3 0-0 10. 0-0 Qc7 11. d5 Rd8 12. h3 Na5 13. Bd3 c4 14. Bf4 Be5 15. Bxe5 Qxe5 16. f4 Qc7 17. Bc2 e6 18. f5 exd5 19. fxg6 hxg6 20. Qe1 Nc6 21. Qh4 Qe7 22. Rf6 Rd6 23. Raf1 Rxf6 24. Rxf6 Kg7 25. Rf4 Qxh4 26. Rxh4 dxe4 27. Bxe4 Be6 28. Nf4 Bd7 29. Nd5 Re8 30. Bf3 Ne5 31. Kf2 b5 32. Rd4 Nxf3 33. Kxf3 Bc6 34. Kf2 Re5 35. Nb4 Be4 36. Rd7 a5 37. Na6 Rd5 38. Rxd5 Bxd5 39. Nc5 Be6 40. Ke3 Kf6 41. Ke4 Ke7 42. Na6 0-1

[Event "Muensterland Verbandsklasse-B 0708"]
[Site "Germany"]
[Date "2008.04.12"]
[Round "8.3"]
[White "Koetting, Hans Erich"]
[Black "Langer, Ralf"]
[Result "1-0"]
[WhiteElo "1870"]
[BlackElo "1773"]
[PlyCount "51"]
[EventDate "2007.09.15"]
[EventType "team"]
[EventRounds "9"]
[EventCountry "GER"]
[SourceTitle "EXT 2009"]
[Source "ChessBase"]
[SourceDate "2008.11.26"]
[SourceVersion "1"]
[SourceVersionDate "2008.11.26"]
[SourceQuality "1"]
[WhiteTeam "Duelmen"]
[BlackTeam "Westerkappeln"]
[WhiteTeamCountry "GER"]
[BlackTeamCountry "GER"]

1. e4 c6 2. d4 d5 3. exd5 cxd5 4. Bd3 Nf6 5. c3 Nc6 6. Bg5 h6 7. Bh4 e6 8. Nf3 Bd6 9. 0-0 Qc7 10. Re1 Ng4 11. Bg3 Bxg3 12. hxg3 h5 13. Nh4 Bd7 14. Na3 0-0-0 15. Nb5 Qb8 16. c4 g5 17. Nf3 Rdg8 18. c5 Be8 19. Nd6+ Kc7 20. b4 h4 21. b5 Ne7 22. Qd2 Nc8 23. Nxe8+ Rxe8 24. Qxg5 Reg8 25. Qf4+ e5 26. Nxe5 1-0

[Event "Muensterland Verbandsklasse-B 0708"]
[Site "Germany"]
[Date "2008.03.08"]
[Round "7.4"]
[White "Thesing, Michael"]
[Black "Langer, Ralf"]
[Result "1-0"]
[WhiteElo "1886"]
[BlackElo "1773"]
[PlyCount "91"]
[EventDate "2007.09.15"]
[EventType "team"]
[EventRounds "9"]
[EventCountry "GER"]
[SourceTitle "EXT 2009"]
[Source "ChessBase"]
[SourceDate "2008.11.26"]
[SourceVersion "1"]
[SourceVersionDate "2008.11.26"]
[SourceQuality "1"]
[WhiteTeam "Suedlohn II"]
[BlackTeam "Westerkappeln"]
[WhiteTeamCountry "GER"]
[BlackTeamCountry "GER"]

1. b4 b6 2. Bb2 Bb7 3. Nf3 e6 4. e3 Nf6 5. b5 Be7 6. Be2 0-0 7. 0-0 d6 8. c4 Nbd7 9. d3 e5 10. Nbd2 e4 11. Ne1 exd3 12. Nxd3 Ne4 13. Nxe4 Bxe4 14. Bf3 f5 15. Bxe4 fxe4 16. Nf4 Nc5 17. Qd5+ Kh8 18. Ba3 Bf6 19. Rad1 Qe7 20. Bxc5 bxc5 21. Qc6 Rfc8 22. Nd5 Qe6 23. a4 Be5 24. a5 g5 25. f3 Qh6 26. f4 gxf4 27. Nxf4 Rf8 28. g3 Rae8 29. Qxc7 d5 30. Qxc5 d4 31. Rxd4 Bxd4 32. Qxd4+ Kg8 33. Qxa7 Ra8 34. Qb6 Rf6 35. Qc7 Rf7 36. Qb6 Rf6 37. Qb7 Rxa5 38. Qc8+ Rf8 39. Qe6+ Qxe6 40. Nxe6 Rc8 41. Rf5 h6 42. Rc5 Re8 43. b6 Ra1+ 44. Kg2 Rb1 45. Nc7 Rf8 46. Rb5 1-0